[Event "Charlotte op"]
[Site "Charlotte"]
[Date "2021.12.29"]
[Round "6"]
[White "Baradaran, Arman"]
[Black "Jacobson, Aaron"]
[Result "0-1"]
[WhiteElo "1990"]
[BlackElo "2270"]
[PlyCount "100"]
[EventDate "2021.12.26"]
[EventType "swiss"]
[EventRounds "9"]
[EventCountry "USA"]
[SourceTitle "CBM 205 Extra"]
[Source "ChessBase"]
[SourceDate "2022.01.31"]
[SourceVersion "1"]
[SourceVersionDate "2022.01.31"]
[SourceQuality "1"]

1. d4 Nf6 2. c4 e6 3. g3 d5 4. Nf3 dxc4 5. Bg2 a6 6. 0-0 b5 7. Ne5 Nd5 8. b3 cxb3 9. axb3 Bb7 10. Bb2 Nd7 11. Nd3 Qb8 12. e4 Nb4 13. Nxb4 Bxb4 14. d5 e5 15. Bh3 Qd8 16. Qg4 g6 17. f4 Nf6 18. Qg5 Qe7 19. Qxe5 Qxe5 20. Bxe5 Bc5+ 21. Kh1 Ke7 22. Nd2 Be3 23. Rfc1 Rhc8 24. Bxc8 Rxc8 25. Bxf6+ Kxf6 26. Rc2 Kg7 27. Re1 Bf2 28. Rec1 Bb6 29. h4 f5 30. Kh2 fxe4 31. Nxe4 Bxd5 32. Nc5 a5 33. Nd7 Re8 34. Nxb6 cxb6 35. Rd2 Bxb3 36. Rc7+ Kf6 37. Rd6+ Re6 38. Rdd7 Re2+ 39. Kg1 a4 40. Ra7 Kf5 41. Rd3 h5 42. Ra6 Bc4 43. Rc3 Re6 44. Kf2 Ke4 45. Rxa4 Kd4 46. Raa3 b4 47. Rxc4+ Kxc4 48. Ra1 b3 49. Kf3 b2 50. Rb1 Kc3 0-1

[Event "North American-ch U20"]
[Site "Charlotte"]
[Date "2021.12.22"]
[Round "7"]
[White "Stevens, Matthew J"]
[Black "Baradaran, Arman"]
[Result "1-0"]
[WhiteElo "2214"]
[BlackElo "1990"]
[PlyCount "109"]
[EventDate "2021.12.19"]
[EventType "swiss"]
[EventRounds "9"]
[EventCountry "USA"]
[SourceTitle "CBM 205 Extra"]
[Source "ChessBase"]
[SourceDate "2022.01.31"]
[SourceVersion "1"]
[SourceVersionDate "2022.01.31"]
[SourceQuality "1"]

1. d4 d5 2. c4 c6 3. cxd5 cxd5 4. Nc3 Nf6 5. Bf4 Nc6 6. e3 Bg4 7. Qb3 Na5 8. Qa4+ Bd7 9. Qc2 e6 10. Nf3 Rc8 11. Bd3 b5 12. a3 Be7 13. 0-0 Nc4 14. Rac1 Nh5 15. Be5 f6 16. Bf4 Nxf4 17. exf4 g6 18. h4 Kf7 19. h5 Qg8 20. Qe2 Bd6 21. b3 Nxa3 22. Nxb5 Nxb5 23. Bxb5 Bxb5 24. Qxb5 Qe8 25. Qa6 Qd7 26. g3 Rc7 27. Rxc7 Qxc7 28. Ra1 Rb8 29. Qd3 Kg7 30. hxg6 hxg6 31. Nh4 Qf7 32. Kg2 Rb7 33. Qa6 Qc7 34. Re1 Rb6 35. Qd3 Qf7 36. Qf3 Rc6 37. Qg4 Bf8 38. f5 exf5 39. Nxf5+ Kg8 40. Re7 Bxe7 41. Nh6+ Kg7 42. Nxf7 Kxf7 43. Qd7 Rb6 44. Qxd5+ Re6 45. g4 g5 46. Kf3 a6 47. Qc4 Bf8 48. d5 Rd6 49. Qc7+ Be7 50. Ke4 Kf8 51. Qc8+ Kg7 52. Qe8 Bf8 53. b4 Kg8 54. Kf5 Rxd5+ 55. Kg6 1-0

[Event "North American-ch U20"]
[Site "Charlotte"]
[Date "2021.12.21"]
[Round "4"]
[White "Baradaran, Arman"]
[Black "Ngo, Bach"]
[Result "0-1"]
[WhiteElo "1990"]
[BlackElo "2300"]
[PlyCount "112"]
[EventDate "2021.12.19"]
[EventType "swiss"]
[EventRounds "9"]
[EventCountry "USA"]
[SourceTitle "CBM 205 Extra"]
[Source "ChessBase"]
[SourceDate "2022.01.31"]
[SourceVersion "1"]
[SourceVersionDate "2022.01.31"]
[SourceQuality "1"]

1. d4 Nf6 2. c4 e6 3. g3 Bb4+ 4. Bd2 a5 5. Nf3 0-0 6. Bg2 d5 7. Qc2 c5 8. dxc5 d4 9. Bxb4 axb4 10. 0-0 Nc6 11. Nbd2 Qe7 12. Ng5 e5 13. Nge4 Nd7 14. Nb3 f5 15. Nd6 Nxc5 16. Bd5+ Kh8 17. Nf7+ Rxf7 18. Bxf7 Nxb3 19. axb3 Rxa1 20. Rxa1 Qxf7 21. Ra8 Qe6 22. c5 h6 23. Qc4 Kh7 24. Qxe6 Bxe6 25. h3 Kg6 26. f3 h5 27. Kf2 e4 28. fxe4 fxe4 29. h4 Kf6 30. Rf8+ Ke5 31. Rh8 g6 32. Rh7 Na5 33. Rg7 Bf5 34. Ke1 e3 35. Re7+ Kd5 36. Rc7 Be4 37. Kd1 Ke6 38. Rc8 Nxb3 39. Rd8 Ke5 40. Re8+ Kd5 41. Rd8+ Kxc5 42. Rc8+ Kb5 43. Rf8 Nc5 44. Rf4 Kc4 45. g4 hxg4 46. Rxg4 Kb3 47. h5 gxh5 48. Rg5 b6 49. Kc1 h4 50. Rh5 d3 51. Kd1 Kxb2 52. Rxh4 Kc3 53. Rh3 b3 54. exd3 Bxd3 55. Rh2 e2+ 56. Ke1 b2 0-1

[Event "Titled Tuesday intern op 17th Aug"]
[Site "Chess.com INT"]
[Date "2021.08.17"]
[Round "7"]
[White "Djordjevic, Dejan N"]
[Black "Baradaran, Arman"]
[Result "1-0"]
[WhiteElo "2144"]
[BlackElo "1990"]
[PlyCount "65"]
[EventDate "2021.08.17"]
[EventType "swiss (blitz)"]
[EventRounds "11"]
[EventCountry "USA"]
[SourceTitle "EXT 2022"]
[Source "ChessBase"]
[SourceDate "2021.10.06"]
[SourceVersion "1"]
[SourceVersionDate "2021.10.06"]
[SourceQuality "1"]

1. e4 e5 2. Nf3 Nc6 3. Bc4 Bc5 4. c3 Nf6 5. d3 0-0 6. 0-0 d5 7. exd5 Nxd5 8. h3 Nb6 9. Bb3 Bf5 10. Bc2 f6 11. Qe2 Re8 12. Nbd2 Nd5 13. Ne4 Bb6 14. Bb3 Kh8 15. Bd2 a5 16. Ba4 Re6 17. Rad1 Qe8 18. Bc1 g5 19. Bb3 Nce7 20. c4 a4 21. cxd5 axb3 22. dxe6 bxa2 23. Bd2 Qf8 24. Ra1 Bxe6 25. Bc3 Nd5 26. d4 Nf4 27. Qd2 Bd5 28. Rfe1 g4 29. hxg4 Qg7 30. g5 f5 31. dxe5 Bxe4 32. e6 Nxe6 33. Bxg7+ 1-0

[Event "Titled Tuesday intern op 17th Aug"]
[Site "Chess.com INT"]
[Date "2021.08.17"]
[Round "1"]
[White "Hnydiuk, Aleksander"]
[Black "Baradaran, Arman"]
[Result "1/2-1/2"]
[WhiteElo "2407"]
[BlackElo "1990"]
[PlyCount "197"]
[EventDate "2021.08.17"]
[EventType "swiss (blitz)"]
[EventRounds "11"]
[EventCountry "USA"]
[SourceTitle "EXT 2022"]
[Source "ChessBase"]
[SourceDate "2021.10.06"]
[SourceVersion "1"]
[SourceVersionDate "2021.10.06"]
[SourceQuality "1"]

1. Nf3 d5 2. d4 Nf6 3. c4 c6 4. Qc2 e6 5. g3 Nbd7 6. Bg2 Bd6 7. 0-0 0-0 8. Nbd2 e5 9. cxd5 cxd5 10. dxe5 Nxe5 11. Nxe5 Bxe5 12. Nf3 Bd6 13. Rd1 Qe7 14. Nd4 Bg4 15. h3 Rac8 16. Qd3 Be6 17. Be3 a6 18. Rac1 h6 19. Nxe6 fxe6 20. Rxc8 Rxc8 21. Rc1 Rxc1+ 22. Bxc1 Qc7 23. Be3 h5 24. Bg5 Nh7 25. Bd2 Nf6 26. Bc3 Be5 27. Bxe5 Qxe5 28. Qb3 Qxe2 29. Qxb7 Qe1+ 30. Bf1 Ne4 31. Qb6 Nd2 32. Qxa6 h4 33. Qe2 Qc1 34. Qxe6+ Kh8 35. Qe8+ Kh7 36. Qe2 hxg3 37. fxg3 Nxf1 38. Qxf1 Qxb2 39. Qf5+ Kh8 40. Qh5+ Kg8 41. Qxd5+ Kh8 42. Qh5+ Kg8 43. Qe8+ Kh7 44. Qe4+ Kh8 45. a4 Qc1+ 46. Kg2 Qd2+ 47. Kf3 Qc3+ 48. Kg4 Qc8+ 49. Qf5 Qc4+ 50. Qf4 Qe2+ 51. Kh4 Qe7+ 52. Qg5 Qb4+ 53. Qf4 Qe7+ 54. Kg4 Qe6+ 55. Kf3 Qb3+ 56. Kf2 Qa2+ 57. Ke3 Qb3+ 58. Kd2 Qb2+ 59. Kd3 Qb3+ 60. Ke2 Qb2+ 61. Kf3 Qb3+ 62. Qe3 Qxa4 63. h4 Qc6+ 64. Qe4 Qf6+ 65. Qf4 Qc3+ 66. Kg4 Qc8+ 67. Qf5 Qc4+ 68. Kh3 Qd4 69. Qh5+ Kg8 70. Qe8+ Kh7 71. Qe6 Qf2 72. Qe4+ Kh8 73. Kg4 Qg1 74. Qe8+ Kh7 75. Qh5+ Kg8 76. Qd5+ Kh7 77. Qd3+ Kh8 78. Kh5 Qf2 79. Qd8+ Kh7 80. Qd3+ Kh8 81. Kg4 Qf6 82. Qf5 Qd4+ 83. Kg5 Qd2+ 84. Kg6 Qd6+ 85. Kf7 Qc7+ 86. Ke8 Qb8+ 87. Ke7 Qc7+ 88. Qd7 Qe5+ 89. Kf7 Qf6+ 90. Ke8 Qe5+ 91. Qe7 Qxg3 92. Qf8+ Kh7 93. Qf5+ Qg6+ 94. Qxg6+ Kxg6 95. Kf8 Kh6 96. Kf7 g6 97. Kf6 Kh5 98. Kg7 Kxh4 99. Kxg6 1/2-1/2

[Event "Titled Tuesday intern op 20th July"]
[Site "Chess.com INT"]
[Date "2021.07.20"]
[Round "10"]
[White "Goltseva, Ekaterina"]
[Black "Baradaran, Arman"]
[Result "1-0"]
[WhiteElo "2272"]
[BlackElo "1990"]
[PlyCount "49"]
[EventDate "2021.07.20"]
[EventType "swiss (blitz)"]
[EventRounds "11"]
[EventCountry "USA"]
[SourceTitle "CBM 203 Extra"]
[Source "ChessBase"]
[SourceDate "2021.09.30"]
[SourceVersion "1"]
[SourceVersionDate "2021.09.30"]
[SourceQuality "1"]

1. d4 d5 2. c4 c6 3. Nf3 Nf6 4. g3 e6 5. Bh3 Nbd7 6. Bg2 Bd6 7. 0-0 0-0 8. b3 e5 9. dxe5 Nxe5 10. Bb2 Qe7 11. Nbd2 Bf5 12. Nd4 Bg6 13. cxd5 Nxd5 14. e4 Nd3 15. Qb1 Nxb2 16. Qxb2 Nc7 17. Nc4 Bc5 18. Rfe1 Rad8 19. Rad1 Nb5 20. Nf5 Bxf5 21. exf5 Qg5 22. Rxd8 Rxd8 23. Qe5 Bd4 24. Qe8+ Rxe8 25. Rxe8# 1-0

[Event "Titled Tuesday intern op 20th July"]
[Site "Chess.com INT"]
[Date "2021.07.20"]
[Round "7"]
[White "Piliczewski, Bogusz"]
[Black "Baradaran, Arman"]
[Result "0-1"]
[WhiteElo "1935"]
[BlackElo "1990"]
[PlyCount "92"]
[EventDate "2021.07.20"]
[EventType "swiss (blitz)"]
[EventRounds "11"]
[EventCountry "USA"]
[SourceTitle "CBM 203 Extra"]
[Source "ChessBase"]
[SourceDate "2021.09.30"]
[SourceVersion "1"]
[SourceVersionDate "2021.09.30"]
[SourceQuality "1"]

1. d4 d5 2. Nf3 Nf6 3. c4 c6 4. e3 e6 5. Bd3 Nbd7 6. 0-0 Bd6 7. Nbd2 e5 8. dxe5 Nxe5 9. Nxe5 Bxe5 10. e4 dxe4 11. Nxe4 Nxe4 12. Bxe4 Qxd1 13. Rxd1 Be6 14. Bd3 0-0-0 15. Rb1 Bxc4 16. Bf5+ Kc7 17. Bg5 f6 18. b3 Bxb3 19. axb3 fxg5 20. Rxd8 Rxd8 21. Bxh7 Rh8 22. Bf5 Bxh2+ 23. Kf1 Be5 24. Rd1 Rh1+ 25. Ke2 Rxd1 26. Kxd1 Kd6 27. Kd2 Kc5 28. Be6 Kb4 29. Kd3 a5 30. Ke4 Bf6 31. Kd3 b5 32. Kc2 c5 33. Bd5 a4 34. bxa4 Kxa4 35. Bc6 c4 36. Bd7 Kb4 37. Be8 Kc5 38. Bd7 b4 39. Be6 b3+ 40. Kb1 Kb4 41. Bd5 c3 42. Be4 Kc4 43. f3 Kd4 44. g4 Ke3 45. Kc1 Kd4 46. Kb1 Kc4 0-1

[Event "Titled Tuesday intern op 13th July"]
[Site "Chess.com INT"]
[Date "2021.07.13"]
[Round "8"]
[White "Araujo Filho, Luiz Antonio"]
[Black "Baradaran, Arman"]
[Result "1-0"]
[WhiteElo "2089"]
[BlackElo "1990"]
[PlyCount "51"]
[EventDate "2021.07.13"]
[EventType "swiss (blitz)"]
[EventRounds "11"]
[EventCountry "USA"]
[SourceTitle "CBM 203 Extra"]
[Source "ChessBase"]
[SourceDate "2021.09.30"]
[SourceVersion "1"]
[SourceVersionDate "2021.09.30"]
[SourceQuality "1"]

1. d4 d5 2. Nf3 Nf6 3. e3 e6 4. Nbd2 c5 5. c3 Nc6 6. Bd3 Bd6 7. Qe2 0-0 8. dxc5 Bxc5 9. e4 dxe4 10. Nxe4 Nxe4 11. Bxe4 f5 12. Bc2 Kh8 13. 0-0 Qf6 14. Bf4 Bd7 15. Rad1 Be8 16. Rfe1 Bf7 17. Rd7 Rae8 18. Rxb7 Bh5 19. Be5 Nxe5 20. Qxe5 Bxf3 21. Qxf6 Rxf6 22. gxf3 e5 23. Ba4 Ree6 24. b4 Bb6 25. Rb8+ Rf8 26. Rxf8# 1-0

[Event "Titled Tuesday intern op 13th July"]
[Site "Chess.com INT"]
[Date "2021.07.13"]
[Round "7"]
[White "Baradaran, Arman"]
[Black "Carlsson, Ludvig"]
[Result "0-1"]
[WhiteElo "1990"]
[BlackElo "2258"]
[PlyCount "68"]
[EventDate "2021.07.13"]
[EventType "swiss (blitz)"]
[EventRounds "11"]
[EventCountry "USA"]
[SourceTitle "CBM 203 Extra"]
[Source "ChessBase"]
[SourceDate "2021.09.30"]
[SourceVersion "1"]
[SourceVersionDate "2021.09.30"]
[SourceQuality "1"]

1. d4 d5 2. c4 e6 3. Nf3 a6 4. g3 dxc4 5. Bg2 Bb4+ 6. Nc3 Bd7 7. Ne5 Bc6 8. Nxc6 Nxc6 9. Qa4 Nge7 10. a3 b5 11. Qc2 Ba5 12. e3 0-0 13. 0-0 Nd5 14. e4 Nxd4 15. Qd1 Nxc3 16. bxc3 Bxc3 17. Ra2 e5 18. a4 b4 19. Bd2 Bxd2 20. Rxd2 c3 21. Rd3 c5 22. f4 f6 23. Bh3 c4 24. Be6+ Nxe6 25. Rxd8 Rfxd8 26. Qg4 Re8 27. fxe5 fxe5 28. Qh5 Nd4 29. Qf7+ Kh8 30. Qxc4 a5 31. Kg2 c2 32. Rf2 b3 33. h4 Rac8 34. Qd5 c1Q 0-1

[Event "Titled Tuesday intern op 13th July"]
[Site "Chess.com INT"]
[Date "2021.07.13"]
[Round "5"]
[White "Baradaran, Arman"]
[Black "Stocek, Jiri"]
[Result "1-0"]
[WhiteElo "1990"]
[BlackElo "2604"]
[PlyCount "61"]
[EventDate "2021.07.13"]
[EventType "swiss (blitz)"]
[EventRounds "11"]
[EventCountry "USA"]
[SourceTitle "CBM 203 Extra"]
[Source "ChessBase"]
[SourceDate "2021.09.30"]
[SourceVersion "1"]
[SourceVersionDate "2021.09.30"]
[SourceQuality "1"]

1. d4 Nf6 2. c4 e6 3. g3 c5 4. d5 exd5 5. cxd5 b5 6. Bg2 d6 7. e4 Nbd7 8. Ne2 Be7 9. 0-0 0-0 10. a4 b4 11. b3 Ba6 12. Re1 Ng4 13. Bb2 Bf6 14. Qc2 Bd3 15. Qxd3 Bxb2 16. Ra2 Bf6 17. Nd2 Rc8 18. Qa6 Bc3 19. Qxd6 c4 20. Nxc3 cxb3 21. Nxb3 bxc3 22. Nd4 Nge5 23. Nc6 Nxc6 24. dxc6 Nb6 25. e5 Nc4 26. Qc5 Na5 27. Qxc3 Qb6 28. Rb2 Qa6 29. Rc1 Rc7 30. Rb5 Nb7 31. Rxb7 1-0

[Event "Titled Tuesday intern op 13th July"]
[Site "Chess.com INT"]
[Date "2021.07.13"]
[Round "6"]
[White "Przybylski, Wojciech"]
[Black "Baradaran, Arman"]
[Result "1-0"]
[WhiteElo "2321"]
[BlackElo "1990"]
[PlyCount "139"]
[EventDate "2021.07.13"]
[EventType "swiss (blitz)"]
[EventRounds "11"]
[EventCountry "USA"]
[SourceTitle "CBM 203 Extra"]
[Source "ChessBase"]
[SourceDate "2021.09.30"]
[SourceVersion "1"]
[SourceVersionDate "2021.09.30"]
[SourceQuality "1"]

1. e4 e5 2. Nf3 Nc6 3. d4 exd4 4. Nxd4 Nf6 5. Nxc6 bxc6 6. e5 Qe7 7. Qe2 Nd5 8. h4 h6 9. c4 Ba6 10. b3 g6 11. f4 Bg7 12. Qf2 Nf6 13. Bb2 0-0 14. Be2 Ne4 15. Qe3 d5 16. cxd5 Bxe2 17. Qxe4 Ba6 18. Ba3 Qd7 19. dxc6 Qg4 20. Nd2 Rfd8 21. Nc4 f5 22. Qf3 Qxf3 23. gxf3 Rd4 24. Kf2 Bxc4 25. bxc4 Rxf4 26. Rae1 Rxc4 27. e6 Rc2+ 28. Kg3 Rxa2 29. Bc1 Re8 30. Bf4 Rc2 31. Rc1 Rxc1 32. Rxc1 Rxe6 33. Bxc7 Re8 34. Rd1 Rc8 35. Rd8+ Rxd8 36. Bxd8 Be5+ 37. f4 Bd6 38. c7 Bxc7 39. Bxc7 Kf7 40. Kf3 a6 41. Ke3 g5 42. fxg5 hxg5 43. hxg5 Kg6 44. Kf4 Kf7 45. Kxf5 Kg7 46. Be5+ Kf7 47. Bc3 Kg8 48. g6 a5 49. Bxa5 Kf8 50. Bc3 Kg8 51. Kg5 Kf8 52. Kh6 Kg8 53. Bd4 Kf8 54. Kh7 Ke7 55. g7 Ke6 56. g8Q+ Kf5 57. Qg6+ Kf4 58. Bh8 Kf3 59. Kh6 Kf4 60. Kh5 Kf3 61. Kg5 Ke3 62. Kf5 Kd3 63. Kf4+ Ke2 64. Qg2+ Kd3 65. Qe4+ Kd2 66. Qe3+ Kc2 67. Ke4 Kb1 68. Qf2 Kc1 69. Kd3 Kd1 70. Qd2# 1-0

[Event "Titled Tuesday intern op 29th June"]
[Site "Chess.com INT"]
[Date "2021.06.29"]
[Round "3"]
[White "Baradaran, Arman"]
[Black "Manukyan, Artyom"]
[Result "0-1"]
[WhiteElo "1990"]
[BlackElo "2116"]
[PlyCount "117"]
[EventDate "2021.06.29"]
[EventType "swiss (blitz)"]
[EventRounds "11"]
[EventCountry "USA"]
[SourceTitle "CBM 203 Extra"]
[Source "ChessBase"]
[SourceDate "2021.09.30"]
[SourceVersion "1"]
[SourceVersionDate "2021.09.30"]
[SourceQuality "1"]

1. d4 d5 2. c4 e6 3. Nf3 Nf6 4. g3 Be7 5. Bg2 0-0 6. 0-0 dxc4 7. Qa4 a6 8. Qxc4 b5 9. Qc2 Bb7 10. Bf4 Nc6 11. Rd1 Nb4 12. Qc1 Nbd5 13. Nc3 Nxf4 14. Qxf4 Bd6 15. Qh4 b4 16. Na4 Bd5 17. Nc5 a5 18. Rac1 Bxc5 19. dxc5 Ne4 20. Ne5 Qxh4 21. gxh4 Rfd8 22. a3 bxa3 23. bxa3 a4 24. f3 Nf6 25. f4 Bxg2 26. Kxg2 Nd5 27. Kf3 Rdb8 28. Nc6 Rb3+ 29. Rd3 Rb2 30. e4 Nf6 31. Rcd1 h5 32. Rd8+ Rxd8 33. Rxd8+ Kh7 34. Rc8 Rb3+ 35. Kg2 Nxe4 36. Rxc7 Nxc5 37. Rxf7 Rxa3 38. f5 Ra2+ 39. Kg1 exf5 40. Rxf5 Ne4 41. Rxh5+ Kg8 42. Ra5 a3 43. Nd4 Ra1+ 44. Kg2 a2 45. Nb3 Rb1 46. Rxa2 Rxb3 47. Re2 Nf6 48. Rf2 Kh7 49. Rf3 Rxf3 50. Kxf3 Kh6 51. Kg3 Kh5 52. h3 g6 53. Kf4 Kxh4 54. Kf3 Kxh3 55. Kf4 Kh4 56. Ke5 g5 57. Kxf6 g4 58. Kf5 g3 59. Ke4 0-1

[Event "Titled Tuesday intern op 29th June"]
[Site "Chess.com INT"]
[Date "2021.06.29"]
[Round "1"]
[White "Gomez Ledo, Roberto Carlos"]
[Black "Baradaran, Arman"]
[Result "1-0"]
[WhiteElo "2446"]
[BlackElo "1990"]
[PlyCount "71"]
[EventDate "2021.06.29"]
[EventType "swiss (blitz)"]
[EventRounds "11"]
[EventCountry "USA"]
[SourceTitle "CBM 203 Extra"]
[Source "ChessBase"]
[SourceDate "2021.09.30"]
[SourceVersion "1"]
[SourceVersionDate "2021.09.30"]
[SourceQuality "1"]

1. d4 d5 2. Bf4 Nf6 3. e3 c5 4. c3 Nc6 5. Nd2 Bf5 6. Qb3 Qb6 7. dxc5 Qxb3 8. axb3 e5 9. Bg3 Bxc5 10. Ngf3 Bd6 11. Bb5 Nd7 12. b4 f6 13. Bxc6 bxc6 14. Nd4 exd4 15. Bxd6 dxe3 16. fxe3 Kf7 17. Nb3 Rhe8 18. Kf2 Nb6 19. Na5 Nc4 20. Nxc4 dxc4 21. Ra6 Be4 22. Bc5 Red8 23. Bd4 c5 24. bxc5 Rab8 25. Rxa7+ Kg6 26. Ra2 Rb5 27. Rd1 Rdb8 28. Rd2 Bb1 29. Ra1 Rxb2 30. Rxb2 Rxb2+ 31. Kf3 f5 32. Kf4 Be4 33. g4 Rf2+ 34. Ke5 Bg2 35. e4 fxg4 36. Bxf2 1-0

[Event "Titled Tuesday intern op 15th June"]
[Site "Chess.com INT"]
[Date "2021.06.15"]
[Round "10"]
[White "Baradaran, Arman"]
[Black "Viskelis, Darius"]
[Result "0-1"]
[WhiteElo "1990"]
[BlackElo "2206"]
[PlyCount "68"]
[EventDate "2021.06.15"]
[EventType "swiss (blitz)"]
[EventRounds "11"]
[EventCountry "USA"]
[SourceTitle "CBM 203 Extra"]
[Source "ChessBase"]
[SourceDate "2021.09.30"]
[SourceVersion "1"]
[SourceVersionDate "2021.09.30"]
[SourceQuality "1"]

1. d4 d5 2. c4 e6 3. Nf3 c5 4. cxd5 exd5 5. g3 Nc6 6. Bg2 Nf6 7. 0-0 cxd4 8. Nxd4 Bc5 9. Be3 Qb6 10. Nc2 Bxe3 11. Nxe3 d4 12. Nc4 Qc5 13. Nbd2 0-0 14. Rc1 Qh5 15. Nf3 Rd8 16. Qd2 Bh3 17. Qg5 Qxg5 18. Nxg5 Bxg2 19. Kxg2 h6 20. Nf3 Re8 21. Rc2 Re6 22. Rd1 Rae8 23. e3 Nb4 24. Rcd2 dxe3 25. Nxe3 Nxa2 26. Ra1 Ra6 27. Nf5 Nb4 28. Rxa6 Nxa6 29. Rc2 Nd5 30. Nd6 Re7 31. Rc8+ Kh7 32. Ra8 Rd7 33. Nc4 b5 34. Nce5 Re7 0-1

[Event "Titled Tuesday intern op 15th June"]
[Site "Chess.com INT"]
[Date "2021.06.15"]
[Round "4"]
[White "Titus, Andrew L"]
[Black "Baradaran, Arman"]
[Result "1-0"]
[WhiteElo "2154"]
[BlackElo "1990"]
[PlyCount "133"]
[EventDate "2021.06.15"]
[EventType "swiss (blitz)"]
[EventRounds "11"]
[EventCountry "USA"]
[SourceTitle "CBM 203 Extra"]
[Source "ChessBase"]
[SourceDate "2021.09.30"]
[SourceVersion "1"]
[SourceVersionDate "2021.09.30"]
[SourceQuality "1"]

1. e4 e5 2. Nf3 Nc6 3. Bb5 a6 4. Ba4 Nf6 5. 0-0 Be7 6. d3 b5 7. Bb3 0-0 8. Nc3 d6 9. a3 Be6 10. Nd5 h6 11. h3 Na5 12. Ba2 c6 13. Nxf6+ Bxf6 14. b4 Nb7 15. Bb2 Qc7 16. c4 a5 17. cxb5 cxb5 18. Bxe6 fxe6 19. Rc1 Qd7 20. d4 exd4 21. Bxd4 axb4 22. axb4 Nd8 23. Bxf6 Rxf6 24. e5 Rf5 25. Qxd6 Qxd6 26. exd6 Nf7 27. Rfd1 Rd8 28. d7 Rd5 29. Rxd5 exd5 30. Rc8 Kf8 31. Ne5 Ke7 32. Nxf7 Rxd7 33. Ne5 Rd6 34. Rc6 d4 35. Rc2 Ke6 36. Nd3 Kd5 37. f3 Ra6 38. Kf2 Ra3 39. Ke2 Rb3 40. Rc5+ Kd6 41. Rxb5 g5 42. Rc5 Rxb4 43. Nxb4 Kxc5 44. Nd3+ Kd5 45. Kd2 Ke6 46. Nf2 Kf5 47. g3 h5 48. Kd3 h4 49. gxh4 gxh4 50. Ke2 Kf4 51. Nd3+ Kg3 52. f4 Kxh3 53. f5 Kg4 54. f6 h3 55. f7 h2 56. f8Q h1Q 57. Nf2+ Kg3 58. Nxh1+ Kh2 59. Qf2+ Kxh1 60. Kf3 d3 61. Kg3 d2 62. Kh3 d1N 63. Qf3+ Kg1 64. Qxd1+ Kf2 65. Qd3 Kg1 66. Qe2 Kh1 67. Qg2# 1-0

[Event "Titled Tuesday intern op 08th June"]
[Site "Chess.com INT"]
[Date "2021.06.08"]
[Round "9"]
[White "Baradaran, Arman"]
[Black "Nemeth Junior, Henrique"]
[Result "1-0"]
[WhiteElo "1990"]
[BlackElo "2010"]
[PlyCount "57"]
[EventDate "2021.06.08"]
[EventType "swiss (blitz)"]
[EventRounds "11"]
[EventCountry "USA"]
[SourceTitle "CBM 202 Extra"]
[Source "ChessBase"]
[SourceDate "2021.07.31"]
[SourceVersion "1"]
[SourceVersionDate "2021.07.31"]
[SourceQuality "1"]

1. d4 Nf6 2. c4 c5 3. d5 e6 4. Nc3 exd5 5. cxd5 d6 6. g3 g6 7. Nf3 Bg7 8. Bg2 0-0 9. 0-0 Nbd7 10. Bf4 Ne8 11. e4 a6 12. a4 Qb6 13. Qc2 f5 14. exf5 Rxf5 15. Rae1 Ndf6 16. Nh4 Rxf4 17. gxf4 Qb4 18. Ne4 Bd7 19. f5 gxf5 20. Nxf6+ Nxf6 21. Nxf5 Bxf5 22. Qxf5 Qxb2 23. Re7 b5 24. Qe6+ Kh8 25. Kh1 bxa4 26. Rg1 a3 27. Be4 Nxe4 28. Re8+ Bf8 29. Qg8# 1-0

[Event "Titled Tuesday intern op 08th June"]
[Site "Chess.com INT"]
[Date "2021.06.08"]
[Round "1"]
[White "Baradaran, Arman"]
[Black "Quizon, Daniel"]
[Result "1/2-1/2"]
[WhiteElo "1990"]
[BlackElo "2319"]
[PlyCount "180"]
[EventDate "2021.06.08"]
[EventType "swiss (blitz)"]
[EventRounds "11"]
[EventCountry "USA"]
[SourceTitle "CBM 202 Extra"]
[Source "ChessBase"]
[SourceDate "2021.07.31"]
[SourceVersion "1"]
[SourceVersionDate "2021.07.31"]
[SourceQuality "1"]

1. d4 Nf6 2. c4 c5 3. d5 b5 4. Qc2 bxc4 5. e4 d6 6. Nf3 Nbd7 7. Na3 g6 8. Nxc4 Bg7 9. h3 0-0 10. Bd2 Ba6 11. Bc3 Nb6 12. Na5 Bxf1 13. Kxf1 Qd7 14. g3 e6 15. dxe6 Qxe6 16. Re1 Qxa2 17. Kg2 Rfe8 18. Nb7 Qe6 19. Nxd6 Qxd6 20. e5 Qc6 21. exf6 Bxf6 22. Bxf6 Qxf6 23. Qxc5 Qxb2 24. Qc6 Rec8 25. Qb7 Nc4 26. Qd5 Nb6 27. Qb7 Rcb8 28. Qc6 Rd8 29. Re7 Qb3 30. Rb7 Qd5 31. Rc1 Qxc6 32. Rxc6 Rdb8 33. Rcc7 Rxb7 34. Rxb7 Nd5 35. Ne5 f6 36. Nc6 a5 37. Rb5 Nc7 38. Rxa5 Rxa5 39. Nxa5 Kf7 40. Nc4 Ke6 41. Ne3 Ke5 42. Kf3 h5 43. h4 Ne6 44. Nc4+ Kd5 45. Ne3+ Kd4 46. Ng2 Ke5 47. Ne3 Nd4+ 48. Kg2 Ke4 49. Nc4 Nf5 50. Nd2+ Kd3 51. Nb3 Nd4 52. Nc5+ Kc4 53. Nd7 Kd5 54. Nxf6+ Ke5 55. Nd7+ Kd6 56. Nf8 g5 57. hxg5 Ke5 58. f4+ Kf5 59. Nd7 Nc6 60. Nf6 Kg6 61. Ne4 Ne7 62. Nf2 Kf5 63. Nh3 Ng6 64. Ng1 Kg4 65. Nf3 Ne7 66. Nh2+ Kf5 67. Nf3 Kg4 68. Ne5+ Kf5 69. Kf3 Nd5 70. Nd3 Nc7 71. Nf2 Ne6 72. Nh3 Nd4+ 73. Ke3 Nc2+ 74. Kf2 Nb4 75. Ng1 Nd3+ 76. Kf3 Nb4 77. Kg2 Kg4 78. Nf3 Nd5 79. g6 Kf5 80. Nh4+ Kf6 81. Kf3 Nc3 82. g4 hxg4+ 83. Kxg4 Ne4 84. Kh5 Kg7 85. f5 Ng3+ 86. Kg4 Ne4 87. Nf3 Kf6 88. Kf4 Nd6 89. Nh4 Nxf5 90. Nxf5 Kxg6 1/2-1/2

[Event "Titled Tuesday intern op 08th June"]
[Site "Chess.com INT"]
[Date "2021.06.08"]
[Round "8"]
[White "Gombocz, Ferenc Jr"]
[Black "Baradaran, Arman"]
[Result "0-1"]
[WhiteElo "2275"]
[BlackElo "1990"]
[PlyCount "62"]
[EventDate "2021.06.08"]
[EventType "swiss (blitz)"]
[EventRounds "11"]
[EventCountry "USA"]
[SourceTitle "CBM 202 Extra"]
[Source "ChessBase"]
[SourceDate "2021.07.31"]
[SourceVersion "1"]
[SourceVersionDate "2021.07.31"]
[SourceQuality "1"]

1. c4 c6 2. g3 d5 3. Nf3 Nf6 4. Bg2 Bg4 5. Ne5 Bf5 6. cxd5 cxd5 7. 0-0 Nbd7 8. d4 e6 9. Nc3 Bd6 10. Nb5 Nxe5 11. Nxd6+ Qxd6 12. dxe5 Qxe5 13. Qa4+ Kf8 14. Bf4 Qxe2 15. Qb4+ Kg8 16. Qxb7 Re8 17. Rfe1 Qc4 18. Rac1 Qxa2 19. b3 h6 20. h3 Bg6 21. g4 Qb2 22. Be5 Qd2 23. Bxf6 gxf6 24. Bxd5 Kg7 25. Bxe6 Rxe6 26. Red1 Qf4 27. Qxa7 Qf3 28. Rd7 h5 29. gxh5 Rxh5 30. Rcc7 Re1+ 31. Kh2 Rh1# 0-1